Fermentation technology / (Record no. 13545)
[ view plain ]
| 000 -LEADER | |
|---|---|
| fixed length control field | 00411cam a2200169ua 4500 |
| 041 ## - LANGUAGE CODE | |
| Language code of text/sound track or separate title | eng |
| 082 ## - DEWEY DECIMAL CLASSIFICATION NUMBER | |
| Classification number | 664.024 |
| Item number | MAC/FE |
| 100 ## - MAIN ENTRY--AUTHOR NAME | |
| Personal name | Machve, K.K . |
| 245 ## - TITLE STATEMENT | |
| Title | Fermentation technology / |
| 260 ## - PUBLICATION, DISTRIBUTION, ETC. (IMPRINT) | |
| Place of publication | Delhi : |
| Name of publisher | Mangalam Publications , |
| Year of publication | 2009. |
| 300 ## - PHYSICAL DESCRIPTION | |
| Number of Pages | ; . |
| 942 ## - ADDED ENTRY ELEMENTS (KOHA) | |
| Koha item type | Books |
| Withdrawn status | Lost status | Damaged status | Home library | Current library | Date acquired | Full call number | Accession Number | Koha item type |
|---|---|---|---|---|---|---|---|---|
| KAUAET | KAUAET | 07/04/2012 | 664.024 | 22201 | Books |
